000 00497nam a22001937a 4500
003 MPLRDC
005 20220104153538.0
008 210129b ||||| |||| 00| 0 eng d
020 _a957-30742-2-2
082 _a293.3 CZY
100 _a陈哲毅
245 _a陈哲毅教你如何从姓名掌握姻缘
_c
250 _a初版
260 _a
_b神机文化事业有限公司
_c2000
300 _b
490 _a命理人生. 002
650 _a命相--姓名学
942 _cBK
_o293.3 CZY
999 _c53498
_d53488